[Event "Sachsen-Anhalt-ch Masters"]
[Site "Magdeburg"]
[Date "2022.10.31"]
[Round "6"]
[White "Groebel, Aaron"]
[Black "Pikalow, Michael"]
[Result "0-1"]
[WhiteElo "2085"]
[BlackElo "1833"]
[PlyCount "60"]
[EventDate "2022.10.29"]
[EventType "swiss"]
[EventRounds "7"]
[EventCountry "GER"]
[SourceTitle "CBM 211 Extra"]
[Source "ChessBase"]
[SourceDate "2023.01.31"]
[SourceVersion "1"]
[SourceVersionDate "2023.01.31"]
[SourceQuality "1"]

1. g3 c5 2. Bg2 Nc6 3. Nf3 g6 4. 0-0 Bg7 5. c3 e5 6. e4 Nge7 7. a4 0-0 8. d3 d5 9. Na3 h6 10. Rb1 Bg4 11. h3 Be6 12. Qc2 Rc8 13. Rd1 Qd7 14. Kh2 Kh7 15. b3 f5 16. Qe2 Rcd8 17. Be3 b6 18. Nc2 d4 19. cxd4 cxd4 20. exf5 Bxf5 21. Bc1 e4 22. dxe4 d3 23. exf5 dxc2 24. fxg6+ Kh8 25. Rxd7 cxb1Q 26. Rxe7 Nxe7 27. Ba3 Nxg6 28. Ng5 hxg5 29. Be4 Rxf2+ 30. Qxf2 Qxe4 0-1

[Event "Sachsen-Anhalt-ch Masters"]
[Site "Magdeburg"]
[Date "2022.10.30"]
[Round "4"]
[White "Groebel, Aaron"]
[Black "Niering, Martin"]
[Result "1/2-1/2"]
[WhiteElo "2085"]
[BlackElo "2147"]
[PlyCount "92"]
[EventDate "2022.10.29"]
[EventType "swiss"]
[EventRounds "7"]
[EventCountry "GER"]
[SourceTitle "CBM 211 Extra"]
[Source "ChessBase"]
[SourceDate "2023.01.31"]
[SourceVersion "1"]
[SourceVersionDate "2023.01.31"]
[SourceQuality "1"]

1. e4 e5 2. Nf3 Nf6 3. Nc3 Nc6 4. d4 exd4 5. Nxd4 Bb4 6. Nxc6 bxc6 7. Bd3 0-0 8. 0-0 d5 9. e5 Ng4 10. h3 Nxe5 11. Bxh7+ Kxh7 12. Qh5+ Kg8 13. Qxe5 Re8 14. Qg3 Bd6 15. Bf4 Bf5 16. Rac1 Rb8 17. Nd1 d4 18. b3 Re2 19. Qf3 Bxf4 20. Qxf4 Bxc2 21. Qf3 Bxd1 22. Rfxd1 Rxa2 23. Rxc6 Rb6 24. Rc4 Rd6 25. Rdc1 Rf6 26. Qg3 Qd6 27. Rxc7 Qxg3 28. fxg3 Rff2 29. Rxa7 Rxg2+ 30. Kh1 Rh2+ 31. Kg1 Rag2+ 32. Kf1 Rxg3 33. Rc8+ Kh7 34. Rxf7 Rxb3 35. Kg1 Rhxh3 36. Rd8 Rh4 37. Rfd7 Rg3+ 38. Kf2 Rgg4 39. Rd6 g6 40. R6d7+ Kh6 41. Rd5 Re4 42. Kg3 Rhg4+ 43. Kh3 Rgf4 44. Kg3 Rg4+ 45. Kh3 Rgf4 46. Kg3 Rg4+ 1/2-1/2

[Event "Sachsen-Anhalt Landesliga-B 1920"]
[Site "Sachsen Anhalt"]
[Date "2020.09.20"]
[Round "8.1"]
[White "Groebel, Aaron"]
[Black "Schultheis, Heinz"]
[Result "1-0"]
[WhiteElo "2081"]
[BlackElo "2052"]
[PlyCount "99"]
[EventDate "2019.09.29"]
[EventType "team-tourn"]
[EventRounds "9"]
[EventCountry "GER"]
[SourceTitle "EXT 2023"]
[Source "ChessBase"]
[SourceDate "2022.10.05"]
[SourceVersion "1"]
[SourceVersionDate "2022.10.05"]
[SourceQuality "1"]
[WhiteTeam "Hettstedt"]
[BlackTeam "Zeitz Motor"]
[WhiteTeamCountry "GER"]
[BlackTeamCountry "GER"]

1. e4 d6 2. c3 Nf6 3. d3 c5 4. g3 Nc6 5. Bg2 g6 6. Nh3 c4 7. f3 Bxh3 8. Bxh3 cxd3 9. Qxd3 Bg7 10. Qe2 e5 11. 0-0 d5 12. exd5 Nxd5 13. Rd1 Qb6+ 14. Kh1 Rd8 15. Na3 0-0 16. Bg5 Nde7 17. Be3 Qc7 18. Nb5 Qb8 19. Bc5 b6 20. Bd6 Qb7 21. Ba3 a6 22. Nd6 Qa7 23. Rd3 b5 24. Rad1 b4 25. Bxb4 Nxb4 26. cxb4 Nc6 27. Qe4 Nd4 28. Nc4 f5 29. Qe3 Qb8 30. a3 Rc8 31. Rc3 Nb5 32. Rcc1 Rfd8 33. Bf1 Nd4 34. Na5 Qa8 35. Bg2 Rxc1 36. Rxc1 h6 37. Rc7 Qd5 38. Bf1 Qxf3+ 39. Qxf3 Nxf3 40. Be2 e4 41. Rc2 g5 42. Nb7 Rd4 43. Rc8+ Kh7 44. Rd8 Rxd8 45. Nxd8 Bxb2 46. a4 Bc3 47. Nc6 a5 48. Bxf3 exf3 49. bxa5 Bd2 50. a6 1-0

[Event "Oberliga Ost-A 1819"]
[Site "Germany"]
[Date "2019.04.06"]
[Round "10.7"]
[White "Groebel, Aaron"]
[Black "Ledfuss, Guntram"]
[Result "1-0"]
[WhiteElo "2101"]
[BlackElo "2015"]
[PlyCount "157"]
[EventDate "2018.10.21"]
[EventType "team-tourn"]
[EventRounds "11"]
[EventCountry "GER"]
[SourceTitle "EXT 2020"]
[Source "ChessBase"]
[SourceDate "2019.10.17"]
[SourceVersion "1"]
[SourceVersionDate "2019.10.17"]
[SourceQuality "1"]
[WhiteTeam "Halle USV"]
[BlackTeam "Dresden USV TU II"]
[WhiteTeamCountry "GER"]
[BlackTeamCountry "GER"]

1. e4 e5 2. Nf3 Nc6 3. Bc4 Bc5 4. c3 Nf6 5. d3 d6 6. Nbd2 a6 7. Bb3 0-0 8. 0-0 Bg4 9. h3 Bh5 10. Re1 Nd7 11. g4 Bg6 12. Nf1 Kh8 13. Ng3 f6 14. Kg2 Ba7 15. h4 Nc5 16. Bc2 d5 17. h5 Bf7 18. Qe2 dxe4 19. dxe4 Qd7 20. Nh4 Rad8 21. Rd1 Qc8 22. Be3 Ne6 23. Ngf5 Bxe3 24. fxe3 Rxd1 25. Rxd1 Rd8 26. Rf1 Rd7 27. Rf2 Qd8 28. Kg3 Ng5 29. b3 Qf8 30. Rh2 Kg8 31. Nf3 Nxf3 32. Qxf3 Nd8 33. Nh4 Be6 34. Rf2 Nf7 35. Qg2 Qc5 36. Re2 Qxc3 37. Qf2 Ng5 38. Nf3 Nf7 39. Nh4 Nd6 40. Kh3 Qa1 41. Qf3 Nf7 42. Kh2 Qxa2 43. Nf5 h6 44. Nxg7 Ng5 45. Qxf6 Rxg7 46. Rf2 Bxg4 47. Bd1 Qxf2+ 48. Qxf2 Bxd1 49. b4 Bxh5 50. Qf6 Be2 51. Qf2 Bc4 52. Qf5 Be6 53. Qf6 Kh7 54. Kh1 Bg4 55. Kh2 b6 56. b5 axb5 57. Kh1 b4 58. Qf8 Bf3+ 59. Qxf3 b3 60. Qf5+ Kh8 61. Qf8+ Kh7 62. Qf5+ Rg6 63. Qd7+ Kg8 64. Qe8+ Kh7 65. Qd7+ Rg7 66. Qf5+ Kg8 67. Qc8+ Kf7 68. Qxc7+ Kg6 69. Qxe5 Rf7 70. Qb2 Rf1+ 71. Kg2 Rd1 72. Qxb3 Rd2+ 73. Kg3 Rd6 74. e5 Re6 75. Kf4 Rc6 76. Qd3+ Kh5 77. Kf5 Kh4 78. Qd1 Kg3 79. Qg1+ 1-0

[Event "Oberliga Ost-A 1819"]
[Site "Germany"]
[Date "2019.02.03"]
[Round "7.7"]
[White "Mader, Joerg"]
[Black "Groebel, Aaron"]
[Result "1-0"]
[WhiteElo "2096"]
[BlackElo "2101"]
[PlyCount "75"]
[EventDate "2018.10.21"]
[EventType "team-tourn"]
[EventRounds "11"]
[EventCountry "GER"]
[SourceTitle "EXT 2020"]
[Source "ChessBase"]
[SourceDate "2019.10.17"]
[SourceVersion "1"]
[SourceVersionDate "2019.10.17"]
[SourceQuality "1"]
[WhiteTeam "Leipzig VfB"]
[BlackTeam "Halle USV"]
[WhiteTeamCountry "GER"]
[BlackTeamCountry "GER"]

1. d4 Nf6 2. c4 e5 3. e3 exd4 4. exd4 d5 5. Nc3 Be7 6. Nf3 0-0 7. cxd5 Nxd5 8. Bc4 Nb6 9. Bd3 Nc6 10. 0-0 Bg4 11. Be4 Bf6 12. Bxc6 bxc6 13. Be3 Re8 14. h3 Bh5 15. g4 Bg6 16. Re1 Rb8 17. g5 Be7 18. Ne5 Qd6 19. Qf3 Nd5 20. Nxc6 Nxc3 21. bxc3 Rb6 22. d5 Rb2 23. Bxa7 Kf8 24. Qe3 f6 25. Nxe7 Rxe7 26. Bc5 Rxe3 27. Bxd6+ cxd6 28. Rxe3 fxg5 29. a4 Rb6 30. a5 Ra6 31. c4 Bf5 32. Rb3 Ke7 33. Rb6 Ra7 34. a6 Bc8 35. Re1+ Kd7 36. Re6 Kc7 37. Rexd6 Bd7 38. Rb7+ 1-0

[Event "JBLN Ost 1819"]
[Site "Germany"]
[Date "2019.01.26"]
[Round "6.3"]
[White "Biastoch, Bennet"]
[Black "Groebel, Aaron"]
[Result "1-0"]
[WhiteElo "2084"]
[BlackElo "2168"]
[PlyCount "41"]
[EventDate "2018.09.29"]
[EventType "team-tourn"]
[EventRounds "9"]
[EventCountry "GER"]
[SourceTitle "CBM 189 Extra"]
[Source "ChessBase"]
[SourceDate "2019.06.03"]
[SourceVersion "1"]
[SourceVersionDate "2019.06.03"]
[SourceQuality "1"]
[WhiteTeam "Magdeburg Aufbau Elbe"]
[BlackTeam "Halle USV"]
[WhiteTeamCountry "GER"]
[BlackTeamCountry "GER"]

1. e4 e5 2. Nf3 Nc6 3. Bb5 Nge7 4. Nc3 Ng6 5. h4 Nd4 6. h5 Nf4 7. Nxd4 exd4 8. Qf3 Ne6 9. Ne2 Bc5 10. h6 g6 11. Bc4 Qe7 12. Qg3 0-0 13. 0-0 c6 14. d3 Bd6 15. f4 Nc7 16. Bb3 Bc5 17. f5 Bd6 18. Bf4 Bxf4 19. Nxf4 g5 20. Nh3 Kh8 21. Qxc7 1-0

[Event "Oberliga Ost-A 1819"]
[Site "Germany"]
[Date "2018.11.11"]
[Round "3.7"]
[White "Groebel, Aaron"]
[Black "Grohmann, Alexander"]
[Result "0-1"]
[WhiteElo "2101"]
[BlackElo "1973"]
[PlyCount "92"]
[EventDate "2018.10.21"]
[EventType "team-tourn"]
[EventRounds "11"]
[EventCountry "GER"]
[SourceTitle "EXT 2020"]
[Source "ChessBase"]
[SourceDate "2019.10.17"]
[SourceVersion "1"]
[SourceVersionDate "2019.10.17"]
[SourceQuality "1"]
[WhiteTeam "Halle USV"]
[BlackTeam "Hoyerswerda"]
[WhiteTeamCountry "GER"]
[BlackTeamCountry "GER"]

1. e4 c5 2. Nf3 d6 3. d4 cxd4 4. Nxd4 Nf6 5. Nc3 a6 6. Bc4 e6 7. Bb3 Nbd7 8. 0-0 Nc5 9. Qe2 Be7 10. f4 0-0 11. g4 Nxb3 12. axb3 Bd7 13. g5 Ne8 14. Qg2 d5 15. exd5 exd5 16. Be3 Bc6 17. Rad1 Qd7 18. f5 Bb4 19. Nce2 Nd6 20. Rf3 Rae8 21. Rdf1 Bc5 22. Qh3 Re4 23. Qh5 Rxe3 24. Rxe3 Nxf5 25. Nxf5 Qe6 26. Rff3 Bxe3+ 27. Nxe3 d4 28. Nxd4 Bxf3 29. Qxf3 Qe5 30. Ndf5 b5 31. Kg2 Rd8 32. Ng4 Qxb2 33. Ne7+ Kf8 34. Nf5 Qxc2+ 35. Kg3 Rd3 36. Nge3 Qc7+ 37. Kh3 Rd8 38. Qe4 Re8 39. Qb4+ Kg8 40. Qd4 Qe5 41. Qd2 Qf4 42. Qd3 Qf3+ 43. Kh4 Re4+ 44. Qxe4 Qxe4+ 45. Kg3 a5 46. Kf2 Qf4+ 0-1

[Event "GER-chT U20"]
[Site "Duesseldorf"]
[Date "2017.12.30"]
[Round "7.2"]
[White "Beeck, Mats"]
[Black "Groebel, Aaron"]
[Result "1/2-1/2"]
[WhiteElo "2106"]
[BlackElo "2103"]
[PlyCount "66"]
[EventDate "2017.12.27"]
[EventType "team-swiss"]
[EventRounds "7"]
[EventCountry "GER"]
[SourceTitle "CBM 182 Extra"]
[Source "ChessBase"]
[SourceDate "2018.02.23"]
[SourceVersion "1"]
[SourceVersionDate "2018.02.23"]
[SourceQuality "1"]
[WhiteTeam "Kiel Doppelbauer U20"]
[BlackTeam "Halle USV U20"]
[WhiteTeamCountry "GER"]
[BlackTeamCountry "GER"]

1. Nf3 Nf6 2. c4 g6 3. Nc3 Bg7 4. d4 d6 5. e4 0-0 6. Be2 c5 7. 0-0 cxd4 8. Nxd4 Nc6 9. Be3 Bd7 10. Qd2 Ng4 11. Bxg4 Bxg4 12. Rac1 a6 13. f3 Bd7 14. Rfd1 Rb8 15. Nxc6 Bxc6 16. Bd4 Bxd4+ 17. Qxd4 Qa5 18. a3 Rfc8 19. Nd5 Bxd5 20. cxd5 Qb5 21. Rc3 Rxc3 22. Qxc3 Qc5+ 23. Qxc5 dxc5 24. Kf2 Kf8 25. Ke3 Ke8 26. e5 Kd7 27. Ke4 f6 28. f4 Rf8 29. d6 fxe5 30. fxe5 Rf2 31. e6+ Kd8 32. d7 Rf6 33. Ke5 Rf5+ 1/2-1/2

[Event "GER-chT U20"]
[Site "Duesseldorf"]
[Date "2017.12.29"]
[Round "5.2"]
[White "Groebel, Aaron"]
[Black "Von Koslowski, Utz"]
[Result "1/2-1/2"]
[WhiteElo "2103"]
[BlackElo "1955"]
[PlyCount "80"]
[EventDate "2017.12.27"]
[EventType "team-swiss"]
[EventRounds "7"]
[EventCountry "GER"]
[SourceTitle "CBM 182 Extra"]
[Source "ChessBase"]
[SourceDate "2018.02.23"]
[SourceVersion "1"]
[SourceVersionDate "2018.02.23"]
[SourceQuality "1"]
[WhiteTeam "Halle USV U20"]
[BlackTeam "Coswig U20"]
[WhiteTeamCountry "GER"]
[BlackTeamCountry "GER"]

1. e4 c5 2. Nf3 e6 3. d4 cxd4 4. Nxd4 a6 5. Nc3 Qc7 6. Bd3 Nf6 7. 0-0 Bd6 8. h3 b6 9. Be3 Bb7 10. f4 Bb4 11. Nde2 d6 12. a3 Bc5 13. Bf2 Bxf2+ 14. Rxf2 Nbd7 15. Ng3 h5 16. Qe2 h4 17. Nf1 Nc5 18. Re1 Nh5 19. Qg4 Qe7 20. e5 0-0-0 21. b4 Nxd3 22. cxd3 Kb8 23. d4 g6 24. Ne3 d5 25. Rc1 Ng3 26. Rfc2 Rc8 27. Qf3 Nf5 28. Nxf5 gxf5 29. Na4 Ka7 30. Rxc8 Rxc8 31. Rxc8 Bxc8 32. Qc3 Qd7 33. Nb2 Bb7 34. Kf2 Bc6 35. Qc2 Kb7 36. a4 Qe8 37. a5 bxa5 38. bxa5 Bb5 39. Qc3 Qd8 40. Nd1 Qg8 1/2-1/2

[Event "GER-chT U20"]
[Site "Duesseldorf"]
[Date "2017.12.28"]
[Round "3.2"]
[White "Groebel, Aaron"]
[Black "Lechner, Alexander"]
[Result "1-0"]
[WhiteElo "2103"]
[BlackElo "1830"]
[PlyCount "103"]
[EventDate "2017.12.27"]
[EventType "team-swiss"]
[EventRounds "7"]
[EventCountry "GER"]
[SourceTitle "CBM 182 Extra"]
[Source "ChessBase"]
[SourceDate "2018.02.23"]
[SourceVersion "1"]
[SourceVersionDate "2018.02.23"]
[SourceQuality "1"]
[WhiteTeam "Halle USV U20"]
[BlackTeam "Duesseldorf U20"]
[WhiteTeamCountry "GER"]
[BlackTeamCountry "GER"]

1. e4 c6 2. d4 d5 3. exd5 cxd5 4. Bd3 Nf6 5. c3 Bg4 6. Nf3 Nc6 7. 0-0 e6 8. h3 Bh5 9. Bf4 Bg6 10. Ne5 Bxd3 11. Qxd3 Nd7 12. Nd2 Ncxe5 13. dxe5 Qc7 14. Rfe1 Be7 15. Qg3 g5 16. Be3 Qxe5 17. Qxe5 Nxe5 18. Bd4 Ng6 19. Bxh8 Nxh8 20. Nf3 Ng6 21. g3 h5 22. Kg2 h4 23. Rad1 0-0-0 24. Ne5 Nxe5 25. Rxe5 hxg3 26. fxg3 Rg8 27. Re2 Rg6 28. c4 dxc4 29. Rc2 b5 30. b3 e5 31. bxc4 b4 32. Rf2 f6 33. Rfd2 Rg8 34. Rd7 Rd8 35. Rxd8+ Bxd8 36. Kf3 f5 37. Rd5 Bc7 38. h4 e4+ 39. Ke3 gxh4 40. gxh4 Bd8 41. h5 Bg5+ 42. Ke2 Kc7 43. Rxf5 Bc1 44. Re5 Kc6 45. h6 Bb2 46. Rxe4 Kc5 47. Kd3 Kb6 48. h7 Ka5 49. Re8 Ka4 50. h8Q Bxh8 51. Rxh8 a5 52. Ra8 1-0

[Event "GER-chT U20"]
[Site "Borken"]
[Date "2016.12.29"]
[Round "6.3"]
[White "Groebel, Aaron"]
[Black "Riehle, Marco"]
[Result "1/2-1/2"]
[WhiteElo "1971"]
[BlackElo "2277"]
[PlyCount "125"]
[EventDate "2016.12.27"]
[EventType "team-swiss"]
[EventRounds "7"]
[EventCountry "GER"]
[SourceTitle "EXT 2018"]
[Source "ChessBase"]
[SourceDate "2017.10.13"]
[SourceVersion "1"]
[SourceVersionDate "2017.10.13"]
[SourceQuality "1"]
[WhiteTeam "Halle USV"]
[BlackTeam "Sasbach"]
[WhiteTeamCountry "GER"]
[BlackTeamCountry "GER"]

1. e4 e5 2. Nf3 Nc6 3. Bc4 Bc5 4. c3 Nf6 5. d4 exd4 6. cxd4 Bb4+ 7. Bd2 Bxd2+ 8. Nbxd2 d5 9. exd5 Nxd5 10. 0-0 0-0 11. Re1 Nce7 12. Qb3 c6 13. Ne4 Qb6 14. Qxb6 axb6 15. Ne5 Rd8 16. Rad1 Bf5 17. Bb3 Kf8 18. Nc4 Bxe4 19. Rxe4 b5 20. Ne5 Nf5 21. Re2 f6 22. Nf3 Rd6 23. g3 Re8 24. Rxe8+ Kxe8 25. Kf1 g5 26. a3 h6 27. h3 Nb6 28. Ke2 Nc4 29. Bxc4 bxc4 30. Rd2 b5 31. Kd1 Rd8 32. Kc2 Kd7 33. Kc3 Ne7 34. Re2 Nd5+ 35. Kc2 Ra8 36. Nd2 c3 37. Ne4 cxb2 38. Kxb2 Kd8 39. Nc5 Kc7 40. Kb3 h5 41. Re4 Rh8 42. h4 gxh4 43. Rxh4 Ne7 44. Ne6+ Kb6 45. Nf4 Rd8 46. Nxh5 Nf5 47. Re4 Nxd4+ 48. Kc3 b4+ 49. axb4 Nb5+ 50. Kc2 f5 51. Re3 Rd4 52. Kb3 Rd2 53. f4 Nc7 54. Nf6 Rd6 55. Ne8 Nxe8 56. Rxe8 Rd3+ 57. Kc4 Rxg3 58. Re5 Rg1 59. Rxf5 Rc1+ 60. Kd4 Rb1 61. Kc3 Rc1+ 62. Kb2 Rf1 63. Kc3 1/2-1/2

[Event "GER-chT U20"]
[Site "Borken"]
[Date "2016.12.29"]
[Round "5.3"]
[White "Pilat, Fabian"]
[Black "Groebel, Aaron"]
[Result "1/2-1/2"]
[WhiteElo "1963"]
[BlackElo "1971"]
[PlyCount "45"]
[EventDate "2016.12.27"]
[EventType "team-swiss"]
[EventRounds "7"]
[EventCountry "GER"]
[SourceTitle "EXT 2018"]
[Source "ChessBase"]
[SourceDate "2017.10.13"]
[SourceVersion "1"]
[SourceVersionDate "2017.10.13"]
[SourceQuality "1"]
[WhiteTeam "Bochum"]
[BlackTeam "Halle USV"]
[WhiteTeamCountry "GER"]
[BlackTeamCountry "GER"]

1. e4 e5 2. Nf3 Nc6 3. d4 exd4 4. Bc4 Bc5 5. c3 Nf6 6. e5 d5 7. Bb5 Ne4 8. cxd4 Bb6 9. 0-0 0-0 10. h3 Ne7 11. Nc3 f6 12. exf6 Rxf6 13. Ne5 h6 14. Be3 Be6 15. Bd3 Nxc3 16. bxc3 Qd6 17. Qd2 Raf8 18. Rac1 Nf5 19. Bf4 Qd8 20. Be3 c6 21. Kh2 Bc7 22. f4 h5 23. g3 1/2-1/2

[Event "GER-chT U20"]
[Site "Borken"]
[Date "2016.12.27"]
[Round "1.3"]
[White "Groebel, Aaron"]
[Black "Nguyen Dang, Huy Duc"]
[Result "1-0"]
[WhiteElo "1971"]
[BlackElo "1795"]
[PlyCount "57"]
[EventDate "2016.12.27"]
[EventType "team-swiss"]
[EventRounds "7"]
[EventCountry "GER"]
[SourceTitle "EXT 2018"]
[Source "ChessBase"]
[SourceDate "2017.10.13"]
[SourceVersion "1"]
[SourceVersionDate "2017.10.13"]
[SourceQuality "1"]
[WhiteTeam "Halle USV"]
[BlackTeam "Plauen Koenig"]
[WhiteTeamCountry "GER"]
[BlackTeamCountry "GER"]

1. e4 c5 2. Nf3 Nc6 3. d4 cxd4 4. Nxd4 Nf6 5. Nc3 d6 6. Nb3 a6 7. f4 e5 8. h3 exf4 9. Bxf4 Be6 10. Qf3 Ne5 11. Qf2 b5 12. a3 Rc8 13. Be2 Be7 14. Nd4 Nc4 15. Bxc4 Rxc4 16. Rd1 Qc7 17. Qf3 0-0 18. 0-0 Rd8 19. Kh1 Qb7 20. Bh2 b4 21. Nd5 Bxd5 22. exd5 Bf8 23. Nc6 Re8 24. Na5 Qb5 25. Nxc4 Qxc4 26. axb4 Qxc2 27. Qc3 Qa4 28. Qc6 Qxb4 29. Rxf6 1-0

[Event "Oberliga Ost-A 1617"]
[Site "Germany"]
[Date "2016.12.04"]
[Round "4.6"]
[White "Groebel, Aaron"]
[Black "Ledfuss, Guntram"]
[Result "1-0"]
[WhiteElo "1926"]
[BlackElo "2064"]
[PlyCount "117"]
[EventDate "2016.10.16"]
[EventType "team-tourn"]
[EventRounds "11"]
[EventCountry "GER"]
[SourceTitle "EXT 2018"]
[Source "ChessBase"]
[SourceDate "2017.10.13"]
[SourceVersion "1"]
[SourceVersionDate "2017.10.13"]
[SourceQuality "1"]
[WhiteTeam "Halle USV"]
[BlackTeam "Dresden USV TU II"]
[WhiteTeamCountry "GER"]
[BlackTeamCountry "GER"]

1. e4 e5 2. Nf3 Nc6 3. Bc4 Bc5 4. c3 Nf6 5. d4 exd4 6. cxd4 Bb4+ 7. Bd2 Bxd2+ 8. Nbxd2 d5 9. exd5 Nxd5 10. Qb3 Nce7 11. 0-0 0-0 12. Rfe1 c6 13. Ne5 Qb6 14. Ndf3 Qxb3 15. Bxb3 h6 16. Re2 Be6 17. Rae1 Rad8 18. Nd3 Ng6 19. Nc5 Bc8 20. h3 Ngf4 21. Re4 b6 22. Bxd5 Nxd5 23. Nb3 Be6 24. Ne5 Nb4 25. d5 Nxd5 26. Nxc6 Rd7 27. Nbd4 Nc7 28. a3 a6 29. f4 Bd5 30. Re7 Bxc6 31. Nxc6 Rxe7 32. Nxe7+ Kh7 33. Rc1 Ne6 34. f5 Nf4 35. Rc8 Rxc8 36. Nxc8 Nd5 37. Kf2 g6 38. f6 b5 39. Nd6 Nxf6 40. Nxf7 Kg7 41. Ne5 Nd5 42. Kf3 g5 43. Nd3 Kf6 44. Ke4 Nb6 45. b3 a5 46. Kd4 Nd7 47. Kd5 a4 48. b4 Nb6+ 49. Kc5 Nc4 50. Kxb5 Nxa3+ 51. Kxa4 Nc4 52. Kb5 Nd6+ 53. Kc6 Nc8 54. g4 Ke6 55. Kc5 Kd7 56. b5 Kc7 57. Nb4 Kb7 58. Nd5 Na7 59. Ne7 1-0

[Event "GER-chT U16"]
[Site "Lingen"]
[Date "2015.12.29"]
[Round "6.2"]
[White "Groebel, Aaron"]
[Black "Hesse, Henrik"]
[Result "1-0"]
[WhiteElo "1902"]
[BlackElo "1881"]
[PlyCount "109"]
[EventDate "2015.12.27"]
[EventType "team-swiss"]
[EventRounds "7"]
[EventCountry "GER"]
[SourceTitle "EXT 2017"]
[Source "ChessBase"]
[SourceDate "2016.10.25"]
[SourceVersion "1"]
[SourceVersionDate "2016.10.25"]
[SourceQuality "1"]
[WhiteTeam "Halle Volksbank"]
[BlackTeam "Berlin Mattnetz"]
[WhiteTeamCountry "GER"]
[BlackTeamCountry "GER"]

1. e4 e5 2. Nf3 Nf6 3. Nxe5 d6 4. Nf3 Nxe4 5. c4 Be7 6. d4 d5 7. Nc3 Nxc3 8. bxc3 Bf5 9. Qb3 Nd7 10. cxd5 0-0 11. Be2 Nb6 12. c4 Re8 13. Be3 Bf6 14. 0-0 Bg4 15. h3 Bh5 16. Rad1 a5 17. Qc2 Qe7 18. Rfe1 Qb4 19. Rb1 Bg6 20. Bd3 Bxd3 21. Qxd3 Qxc4 22. Qxc4 Nxc4 23. Rxb7 Rac8 24. Rc1 Nxe3 25. fxe3 Rxe3 26. Kf2 Ree8 27. Rcxc7 Rcd8 28. Rb5 a4 29. Ra7 Ra8 30. Rba5 Rad8 31. R7a6 h6 32. d6 Re6 33. Rxa4 Rexd6 34. Rxd6 Rxd6 35. Rc4 Kf8 36. Ke3 Ke7 37. Ke4 Kd7 38. d5 g6 39. a4 Bg7 40. Rc5 f5+ 41. Kd3 Ra6 42. a5 g5 43. Kc4 g4 44. hxg4 fxg4 45. Nd2 Bf8 46. Rb5 h5 47. Rb7+ Kc8 48. Rf7 Bh6 49. Kb5 Rd6 50. Kc5 Ra6 51. Nc4 Rg6 52. d6 Rg7 53. Nb6+ Kb8 54. Re7 Rg8 55. Kc6 1-0

[Event "GER-chT U16"]
[Site "Lingen"]
[Date "2015.12.28"]
[Round "4.2"]
[White "Groebel, Aaron"]
[Black "Von Schlippe, Nikolai"]
[Result "1-0"]
[WhiteElo "1902"]
[BlackElo "1958"]
[PlyCount "58"]
[EventDate "2015.12.27"]
[EventType "team-swiss"]
[EventRounds "7"]
[EventCountry "GER"]
[SourceTitle "EXT 2017"]
[Source "ChessBase"]
[SourceDate "2016.10.25"]
[SourceVersion "1"]
[SourceVersionDate "2016.10.25"]
[SourceQuality "1"]
[WhiteTeam "Halle Volksbank"]
[BlackTeam "Graefelfing"]
[WhiteTeamCountry "GER"]
[BlackTeamCountry "GER"]

1. e4 c5 2. Nf3 d6 3. d4 cxd4 4. Nxd4 Nf6 5. Nc3 g6 6. f3 Bg7 7. Be3 Nc6 8. Qd2 0-0 9. g4 Nxd4 10. Bxd4 Be6 11. h4 d5 12. g5 Nh5 13. Bxg7 Kxg7 14. exd5 Ng3 15. Rg1 Nxf1 16. Rxf1 Bf5 17. 0-0-0 Qa5 18. h5 Rad8 19. hxg6 fxg6 20. Qe3 Rfe8 21. Rh1 e5 22. Rh4 b5 23. Rdh1 h5 24. gxh6+ Kh7 25. Qc5 Rc8 26. Qb4 Qb6 27. Ne4 Rcd8 28. Ng5+ Kg8 29. h7+ Kg7 1-0

[Event "GER-chT U16"]
[Site "Lingen"]
[Date "2015.12.27"]
[Round "2.2"]
[White "Groebel, Aaron"]
[Black "Reindl, Arno"]
[Result "1-0"]
[WhiteElo "1902"]
[BlackElo "1743"]
[PlyCount "55"]
[EventDate "2015.12.27"]
[EventType "team-swiss"]
[EventRounds "7"]
[EventCountry "GER"]
[SourceTitle "EXT 2017"]
[Source "ChessBase"]
[SourceDate "2016.10.25"]
[SourceVersion "1"]
[SourceVersionDate "2016.10.25"]
[SourceQuality "1"]
[WhiteTeam "Halle Volksbank"]
[BlackTeam "Schwaebisch Gmuend"]
[WhiteTeamCountry "GER"]
[BlackTeamCountry "GER"]

1. e4 c5 2. Nf3 d6 3. d4 cxd4 4. Nxd4 Nf6 5. Nc3 g6 6. Be3 Bg7 7. f3 Nc6 8. Qd2 0-0 9. 0-0-0 a6 10. g4 h5 11. gxh5 Nxh5 12. Bc4 Ne5 13. Bb3 b5 14. Bh6 Bd7 15. Bxg7 Kxg7 16. f4 Nc4 17. Bxc4 bxc4 18. f5 Rb8 19. Nd5 e6 20. Qc3 Kh7 21. Ne3 Qc7 22. Rhg1 Rb7 23. Rg5 Rfb8 24. Rdg1 Rxb2 25. Rxh5+ gxh5 26. Rg7+ Kh6 27. Nxe6 Rb1+ 28. Kd2 1-0

[Event "Naumburg Osteropen 9th"]
[Site "Naumburg Saale"]
[Date "2014.04.21"]
[Round "5.4"]
[White "Groebel, Aaron"]
[Black "Schaefer, Reyk"]
[Result "0-1"]
[WhiteElo "1719"]
[BlackElo "2102"]
[PlyCount "102"]
[EventDate "2014.04.19"]
[EventType "swiss"]
[EventRounds "5"]
[EventCountry "GER"]
[SourceTitle "EXT 2020"]
[Source "ChessBase"]
[SourceDate "2019.10.17"]
[SourceVersion "1"]
[SourceVersionDate "2019.10.17"]
[SourceQuality "1"]

1. e4 c6 2. d4 d5 3. exd5 cxd5 4. c4 Nf6 5. Nc3 g6 6. Bg5 Bg7 7. Nf3 Ne4 8. Bf4 Nxc3 9. bxc3 0-0 10. Be2 dxc4 11. Bxc4 Nc6 12. 0-0 Na5 13. Bb3 b6 14. Ne5 Ba6 15. Re1 Rc8 16. Rc1 Nc4 17. Qf3 Nxe5 18. Bxe5 Bxe5 19. Rxe5 e6 20. Qf4 Bc4 21. Re3 Kg7 22. Rh3 h5 23. Re1 Qf6 24. Qxf6+ Kxf6 25. Rf3+ Kg7 26. Re5 Rc7 27. Rg3 Rfc8 28. Ree3 b5 29. h3 Rc6 30. Re5 a6 31. Ree3 R8c7 32. f4 Ra7 33. Kf2 a5 34. Re5 Bxb3 35. axb3 a4 36. b4 a3 37. Re1 a2 38. Ra1 Ra3 39. Ke2 Rcxc3 40. Rxc3 Rxc3 41. Rxa2 Rc4 42. Kd3 Rxb4 43. Kc3 Rb1 44. Rf2 Kf6 45. Kc2 Ra1 46. Kb2 Ra8 47. Kc3 Kf5 48. Kb4 Rb8 49. g3 Ke4 50. Rd2 Rb7 51. Rd1 h4 0-1

[Event "Naumburg Osteropen 9th"]
[Site "Naumburg Saale"]
[Date "2014.04.20"]
[Round "4.8"]
[White "Brandt, Silvio"]
[Black "Groebel, Aaron"]
[Result "0-1"]
[WhiteElo "2015"]
[BlackElo "1719"]
[PlyCount "92"]
[EventDate "2014.04.19"]
[EventType "swiss"]
[EventRounds "5"]
[EventCountry "GER"]
[SourceTitle "EXT 2020"]
[Source "ChessBase"]
[SourceDate "2019.10.17"]
[SourceVersion "1"]
[SourceVersionDate "2019.10.17"]
[SourceQuality "1"]

1. e4 e5 2. Nc3 Nf6 3. f4 d6 4. Nf3 Nc6 5. Bb5 exf4 6. d4 Bd7 7. Bxf4 a6 8. Bd3 Bg4 9. Be3 Be7 10. 0-0 0-0 11. Qd2 Qd7 12. Ne2 d5 13. exd5 Nxd5 14. c3 Qe6 15. Bf2 Bxf3 16. gxf3 Bd6 17. Bg3 Rfe8 18. Bxd6 Qxd6 19. Ng3 Nf4 20. Rae1 Qh6 21. Qc2 Nh3+ 22. Kg2 Ng5 23. Be4 Qh3+ 24. Kg1 Nxe4 25. fxe4 Re7 26. Qg2 Qxg2+ 27. Kxg2 Rae8 28. Kf3 Re6 29. Re3 Rf6+ 30. Ke2 Rxf1 31. Nxf1 Na5 32. Kd3 b5 33. Nd2 Re6 34. d5 Rh6 35. Re2 Kf8 36. b3 Ke7 37. Kd4 Rh3 38. c4 f6 39. cxb5 axb5 40. Kc5 Nb7+ 41. Kxb5 Rc3 42. Nc4 Kd7 43. a4 Rxb3+ 44. Ka6 Rb4 45. Nb2 Nc5+ 46. Ka5 Rb6 0-1